[Event "TUR-chT Superleague 2018"]
[Site "Ankara"]
[Date "2018.07.27"]
[Round "3"]
[White "Gulbeyaz, Emir"]
[Black "Samani, Yamac"]
[Result "0-1"]
[WhiteElo "2074"]
[BlackElo "2227"]
[Annotator "NA"]
[PlyCount "90"]
[EventDate "2018.07.25"]
[EventType "team-tourn"]
[EventCountry "TUR"]
[SourceTitle "playchess.com"]
[Source "ChessBase"]
[SourceQuality "1"]
[TimeControl "40/5400+30:1800+30"]

1. d4 {[%emt 0:00:30]} d5 {[%emt 0:01:00]} 2. Nf3 {[%emt 0:00:00]} Nf6 {[%emt 0:00:00]} 3. c4 {[%emt 0:01:00]} e6 {[%emt 0:00:00]} 4. cxd5 {[%emt 0:00:30]} exd5 {[%emt 0:00:30]} 5. Nc3 {[%emt 0:00:30]} c6 {[%emt 0:00:30]} 6. Qc2 {[%emt 0:00:00]} Be7 {[%emt 0:04:30]} 7. Bf4 {[%emt 0:03:00]} O-O {[%emt 0:00:30]} 8. e3 {[%emt 0:00:00]} a5 {[%emt 0:06:30]} 9. Bd3 {[%emt 0:00:00]} Na6 {[%emt 0:00:30]} 10. a3 {[%emt 0:00:30]} Nc7 {[%emt 0:00:30]} 11. h3 {[%emt 0:00:30]} Ne6 {[%emt 0:04:30]} 12. Bh2 {[%emt 0:00:30]} g6 {[%emt 0:03:30]} 13. O-O {[%emt 0:03:30]} Ng7 {[%emt 0:01:30]} 14. Ne5 {[%emt 0:02:30]} Bf5 {[%emt 0:02:30]} 15. Rab1 {[%emt 0:00:00]} Bxd3 {[%emt 0:02:30]} 16. Qxd3 {[%emt 0:01:00]} a4 {[%emt 0:28:30]} 17. g4 {[%emt 0:00:30]} Nd7 {[%emt 0:04:30]} 18. f4 {[%emt 0:06:30]} f5 {[%emt 0:01:30]} 19. Kh1 {[%emt 0:00:30]} Nxe5 {[%emt 0:02:30]} 20. dxe5 {[%emt 0:02:30]} Ne6 {[%emt 0:04:30]} 21. Ne2 {[%emt 0:02:30]} Nc5 {[%emt 0:01:30]} 22. Qc2 {[%emt 0:03:30]} Ne4 {[%emt 0:05:30]} 23. Nd4 {[%emt 0:01:30]} Qc8 {[%emt 0:06:01]} 24. Rg1 {[%emt 0:09:30]} Bc5 {[%emt 0:02:40]} 25. Rg2 {[%emt 0:09:30]} Bxd4 {[%emt 0:01:10]} 26. exd4 {[%emt 0:00:00]} Qd8 {[%emt 0:00:02]} 27. g5 {[%emt 0:03:00]} Qb6 {[%emt 0:00:35]} 28. Rd1 {[%emt 0:00:30]} Ra5 {[%emt 0:01:31]} 29. Bg3 {[%emt 0:04:30]} Rb5 {[%emt 0:01:02]} 30. Be1 {[%emt 0:01:30]} Rb3 {[%emt 0:00:11]} 31. Kh2 {[%emt 0:04:30]} Qb5 {[%emt 0:00:36]} 32. Bb4 {[%emt 0:00:30]} Re8 {[%emt 0:01:22]} 33. Qc1 {[%emt 0:03:30]} Kf7 {[%emt 0:01:23]} 34. h4 {[%emt 0:04:30]} Rf3 {[%emt 0:03:13]} 35. Kg1 {[%emt 0:09:30]} Rh3 {[%emt 0:02:04]} 36. Be1 {[%emt 0:01:30]} Qb3 {[%emt 0:00:57]} 37. Qc2 {[%emt 0:03:30]} Qe3+ {[%emt 0:00:51]} 38. Bf2 {[%emt 0:00:00]} Qxf4 {[%emt 0:00:30]} 39. Rd3 {[%emt 0:01:00]} Rxd3 {[%emt 0:03:04]} 40. Qxd3 {[%emt 0:00:00]} Qc1+ {[%emt 0:33:22]} 41. Kh2 {[%emt 0:00:00]} Qxb2 {[%emt 0:00:00]} 42. Be3 {[%emt 0:02:30]} Qc3 {[%emt 0:00:00]} 43. Qb1 {[%emt 0:01:30]} Qxe3 {[%emt 0:00:00]} 44. Qxb7+ {[%emt 0:00:00]} Re7 {[%emt 0:00:00]} 45. Qxc6 {[%emt 0:02:00]} Qxd4 {[%emt 0:00:00]} 0-1

[Event "TUR-chT Superleague 2018"]
[Site "Ankara"]
[Date "2018.07.27"]
[Round "3"]
[White "Zeydan, Salih"]
[Black "Gok, Fatih"]
[Result "1-0"]
[WhiteElo "2061"]
[BlackElo "1952"]
[Annotator "NA"]
[PlyCount "57"]
[EventDate "2018.07.25"]
[EventType "team-tourn"]
[EventCountry "TUR"]
[SourceTitle "playchess.com"]
[Source "ChessBase"]
[SourceQuality "1"]
[TimeControl "40/5400+30:1800+30"]

1. e4 {[%emt 0:00:30]} d5 {[%emt 0:01:00]} 2. exd5 {[%emt 0:00:30]} Qxd5 {[%emt 0:00:00]} 3. Nc3 {[%emt 0:00:30]} Qd6 {[%emt 0:00:00]} 4. d4 {[%emt 0:02:30]} Nf6 {[%emt 0:00:00]} 5. h3 {[%emt 0:03:30]} g6 {[%emt 0:00:00]} 6. Nf3 {[%emt 0:02:30]} Bg7 {[%emt 0:01:30]} 7. Bc4 {[%emt 0:10:30]} O-O {[%emt 0:00:00]} 8. O-O {[%emt 0:00:30]} a6 {[%emt 0:00:00]} 9. a4 {[%emt 0:02:30]} Nc6 {[%emt 0:04:30]} 10. Re1 {[%emt 0:21:30]} Rd8 {[%emt 0:11:30]} 11. Qe2 {[%emt 0:09:30]} e6 {[%emt 0:11:30]} 12. Bg5 {[%emt 0:06:30]} h6 {[%emt 0:13:30]} 13. Bh4 {[%emt 0:05:30]} g5 {[%emt 0:17:30]} 14. Bg3 {[%emt 0:00:30]} Qb4 {[%emt 0:00:30]} 15. Bb3 {[%emt 0:15:18]} Nxd4 {[%emt 0:15:30]} 16. Nxd4 {[%emt 0:00:31]} Rxd4 {[%emt 0:00:30]} 17. Be5 {[%emt 0:04:39]} Rd7 {[%emt 0:01:30]} 18. Rad1 {[%emt 0:01:41]} Qe7 {[%emt 0:01:29]} 19. Qf3 {[%emt 0:02:20]} Rb8 {[%emt 0:05:54]} 20. Rxd7 {[%emt 0:02:50]} Bxd7 {[%emt 0:00:08]} 21. Bxc7 {[%emt 0:01:51]} Bc6 {[%emt 0:00:02]} 22. Qg3 {[%emt 0:00:01]} Rc8 {[%emt 0:01:48]} 23. Bd6 {[%emt 0:00:34]} Qe8 {[%emt 0:00:49]} 24. h4 {[%emt 0:01:31]} g4 {[%emt 0:04:32]} 25. Be5 {[%emt 0:02:30]} Qe7 {[%emt 0:01:39]} 26. Qf4 {[%emt 0:00:46]} Rd8 {[%emt 0:03:20]} 27. Ne2 {[%emt 0:00:44]} Kh8 {[%emt 0:04:37]} 28. Ng3 {[%emt 0:00:57]} Rg8 {[%emt 0:00:35]} 29. Nh5 {[%emt 0:00:36]} 1-0

[Event "TUR-chT Superleague 2018"]
[Site "Ankara"]
[Date "2018.07.27"]
[Round "3"]
[White "Korkmaz, Necmettin"]
[Black "Esen, Baris"]
[Result "0-1"]
[WhiteElo "2056"]
[BlackElo "2487"]
[Annotator "ChessBase"]
[PlyCount "140"]
[EventDate "2018.07.25"]
[EventType "team-tourn"]
[EventCountry "TUR"]
[SourceTitle "playchess.com"]
[Source "ChessBase"]
[SourceQuality "1"]
[TimeControl "40/5400+30:1800+30"]

1. e4 g6 2. d4 Bg7 3. Nc3 d6 4. Nf3 Nf6 5. h3 c6 6. a4 O-O 7. Be2 Nbd7 8. O-O e5 9. dxe5 dxe5 10. Qd6 Re8 11. Rd1 Bf8 12. Qd3 Qc7 13. Bg5 h6 14. Bh4 Nc5 15. Qe3 Nh5 16. Nh2 Nf4 17. Ng4 Nxe2+ 18. Qxe2 Bxg4 19. Qxg4 Be7 20. Bxe7 Qxe7 21. b3 Rad8 22. Ne2 Ne6 23. Qg3 Qc5 24. c3 a5 25. Rab1 Rd6 26. Rxd6 Qxd6 27. Qe3 Kg7 28. b4 Ra8 29. bxa5 Nc5 30. f4 Rxa5 31. fxe5 Qxe5 32. Qd4 Qxd4+ 33. cxd4 Nxe4 34. Rxb7 Rxa4 35. Re7 Ra1+ 36. Kh2 Nd2 37. Rc7 Re1 38. Nc3 Rc1 39. Ne2 Rc4 40. Nf4 Kf6 41. Nd3 {[%emt 1:48:30]} Rxd4 {[%emt 1:55:00]} 42. Rxc6+ {[%emt 0:00:30]} Kg7 {[%emt 0:00:30]} 43. Ne5 {[%emt 0:00:30]} Rd5 {[%emt 0:02:30]} 44. Ng4 {[%emt 0:02:30]} h5 {[%emt 0:00:30]} 45. Ne3 {[%emt 0:01:30]} Rd3 {[%emt 0:01:30]} 46. Nc4 {[%emt 0:03:30]} Nf1+ {[%emt 0:01:30]} 47. Kg1 {[%emt 0:00:30]} Ng3 {[%emt 0:00:30]} 48. Ne5 {[%emt 0:03:30]} Rd5 {[%emt 0:03:20]} 49. Nf3 {[%emt 0:00:30]} g5 {[%emt 0:00:31]} 50. Rc4 {[%emt 0:04:55]} f6 {[%emt 0:00:37]} 51. Kf2 {[%emt 0:00:44]} h4 {[%emt 0:00:52]} 52. Nxh4 {[%emt 0:00:56]} gxh4 {[%emt 0:01:27]} 53. Rxh4 {[%emt 0:00:06]} Nf5 {[%emt 0:00:47]} 54. Rg4+ {[%emt 0:02:22]} Kf7 {[%emt 0:00:28]} 55. Rf4 {[%emt 0:01:07]} Ng7 {[%emt 0:00:56]} 56. g4 {[%emt 0:00:19]} Ne6 {[%emt 0:03:42]} 57. Ra4 {[%emt 0:01:36]} Rd2+ {[%emt 0:00:13]} 58. Kg3 {[%emt 0:00:13]} Rd3+ {[%emt 0:00:33]} 59. Kg2 {[%emt 0:00:10]} Rd4 {[%emt 0:06:03]} 60. Rxd4 {[%emt 0:01:13]} Nxd4 {[%emt 0:00:06]} 61. Kg3 {[%emt 0:00:11]} Ke6 {[%emt 0:00:36]} 62. Kf4 {[%emt 0:00:51]} Nc6 {[%emt 0:01:37]} 63. h4 {[%emt 0:06:03]} Ne5 {[%emt 0:03:30]} 64. g5 {[%emt 0:02:43]} Ng6+ {[%emt 0:00:49]} 65. Kg3 {[%emt 0:01:26]} f5 {[%emt 0:00:30]} 66. h5 {[%emt 0:00:30]} Ne7 {[%emt 0:00:08]} 67. Kh4 {[%emt 0:01:48]} Ke5 {[%emt 0:01:05]} 68. h6 {[%emt 0:00:24]} f4 {[%emt 0:00:41]} 69. Kh5 {[%emt 0:00:55]} Kf5 {[%emt 0:00:32]} 70. h7 {[%emt 0:03:50]} Ng6 {[%emt 0:00:08]} 0-1

[Event "TUR-chT Superleague 2018"]
[Site "Ankara"]
[Date "2018.07.27"]
[Round "3"]
[White "Ozbek, Busra"]
[Black "Sahin, Hayrun Nisa"]
[Result "1/2-1/2"]
[WhiteElo "1848"]
[BlackElo "1736"]
[Annotator "NA"]
[PlyCount "92"]
[EventDate "2018.07.25"]
[EventType "team-tourn"]
[EventCountry "TUR"]
[SourceTitle "playchess.com"]
[Source "ChessBase"]
[SourceQuality "1"]
[TimeControl "40/5400+30:1800+30"]

1. d4 Nf6 2. Nf3 g6 3. Bg5 Bg7 4. Nbd2 O-O 5. c3 d6 6. e4 c5 7. dxc5 dxc5 8. Be2 Qc7 9. h3 h6 10. Be3 b6 11. O-O Bb7 12. Qc2 Nc6 13. a4 Rac8 14. Nc4 Rfd8 15. Rad1 Nxe4 16. Qxe4 Nd4 17. Qg4 Nxe2+ 18. Kh1 h5 19. Qh4 Bxf3 20. gxf3 Qb7 21. Kg2 Nd4 22. cxd4 cxd4 23. b3 dxe3 24. fxe3 a6 25. Qf4 b5 26. Ne5 Bxe5 27. Qxe5 Rxd1 28. Rxd1 Rc2+ 29. Kg1 Qc7 30. Qxc7 Rxc7 31. axb5 axb5 32. Rd5 Rb7 33. b4 Kg7 34. Kf2 Kf6 35. Kg3 Ke6 36. Rc5 Kf6 37. Kf4 Rb6 38. e4 Rb7 39. e5+ Kg7 40. Ke4 Kh6 41. Kf4 {[%emt 1:40:30]} f6 {[%emt 2:04:13]} 42. Ke4 {[%emt 0:05:30]} Rb6 {[%emt 0:05:22]} 43. Kf4 {[%emt 0:08:30]} g5+ {[%emt 0:05:22]} 44. Ke4 {[%emt 0:06:30]} Kg6 {[%emt 0:00:42]} 45. exf6 {[%emt 0:04:20]} exf6 {[%emt 0:00:28]} 46. Rd5 {[%emt 0:02:43]} Rb8 {[%emt 0:04:45]} 1/2-1/2

[Event "TUR-chT Superleague 2018"]
[Site "Ankara"]
[Date "2018.07.27"]
[Round "3"]
[White "Onur, Cigdem"]
[Black "Celik, Eda"]
[Result "1-0"]
[WhiteElo "1750"]
[BlackElo "1864"]
[Annotator "NA"]
[PlyCount "81"]
[EventDate "2018.07.25"]
[EventType "team-tourn"]
[EventCountry "TUR"]
[SourceTitle "playchess.com"]
[Source "ChessBase"]
[SourceQuality "1"]
[TimeControl "40/5400+30:1800+30"]

1. d4 d5 2. Bf4 c5 3. e3 cxd4 4. exd4 Nc6 5. c3 Bf5 6. Bd3 Bxd3 7. Qxd3 e6 8. Nd2 Bd6 9. Bg3 Nf6 10. Ngf3 O-O 11. O-O Bxg3 12. hxg3 Qd6 13. Rae1 Rac8 14. Ne5 Nd7 15. f4 f6 16. Nxd7 Qxd7 17. Re3 Rfe8 18. Nf3 Ne7 19. g4 Ng6 20. g3 Re7 21. Rfe1 Rce8 22. Kf2 Nh8 23. Rh1 g6 24. g5 fxg5 25. Nxg5 b6 26. Qf1 Qa4 27. a3 Qc2+ 28. Re2 Qf5 29. Qd1 Rg7 30. Re5 Qf6 31. Qa4 Rge7 32. Nxh7 Qg7 33. Ng5 Qf6 34. Qd1 Nf7 35. Nxf7 Rxf7 36. Qg4 Rh7 {[%emt 1:18:30]} 37. Rxh7 {[%emt 1:22:30]} Kxh7 {[%emt 0:00:30]} 38. Qe2 {[%emt 0:00:30]} Kg7 {[%emt 0:00:30]} 39. Rxd5 {[%emt 0:00:30]} Rh8 {[%emt 0:00:30]} 40. Rd7+ {[%emt 0:00:30]} Kf8 {[%emt 0:30:30]} 41. Qa6 {[%emt 0:31:30]} 1-0

[Event "TUR-chT Superleague 2018"]
[Site "Ankara"]
[Date "2018.07.27"]
[Round "3"]
[White "Yorgun, Yarennaz"]
[Black "Balajayeva, Khanim"]
[Result "0-1"]
[WhiteElo "1737"]
[BlackElo "2332"]
[Annotator "NA"]
[PlyCount "124"]
[EventDate "2018.07.25"]
[EventType "team-tourn"]
[EventCountry "TUR"]
[SourceTitle "playchess.com"]
[Source "ChessBase"]
[SourceQuality "1"]
[TimeControl "40/5400+30:1800+30"]

1. e4 d5 2. exd5 Qxd5 3. Nc3 Qd6 4. d4 Nf6 5. Nf3 g6 6. h3 Bg7 7. Be3 O-O 8. Qd2 a6 9. Be2 b5 10. a3 Bb7 11. O-O Nbd7 12. Bf4 Qb6 13. Rad1 Rad8 14. Be3 Ba8 15. Qc1 Qb8 16. Rfe1 Qc8 17. Na2 Nb6 18. b3 Nbd5 19. c4 bxc4 20. bxc4 Nxe3 21. Qxe3 e6 22. Nb4 a5 23. Nd3 Ne4 24. Nc1 c5 25. Nb3 cxd4 26. Nbxd4 Qc5 27. Bf1 a4 28. Nc2 Qe7 29. Nb4 Bc3 30. Rxd8 Rxd8 31. Rc1 Bxb4 32. axb4 Qxb4 33. c5 Qb3 34. Qe1 Rc8 35. c6 Nd6 36. c7 Qb6 37. Qc3 Ne8 38. Qa3 Bxf3 39. gxf3 Rxc7 40. Rxc7 Nxc7 41. Qxa4 Nd5 42. Qa8+ Kg7 43. Qa1+ f6 44. Qa4 Qd6 45. Qa7+ Kh6 46. Qd4 {[%emt 1:57:00]} Qf4 {[%emt 1:52:30]} 47. Qxf4+ {[%emt 0:06:30]} Nxf4 {[%emt 0:00:30]} 48. Kh2 {[%emt 0:00:30]} Kg5 {[%emt 0:00:30]} 49. Kg3 {[%emt 0:00:30]} Nh5+ {[%emt 0:00:00]} 50. Kg2 {[%emt 0:00:00]} Kh4 {[%emt 0:00:00]} 51. Bc4 {[%emt 0:00:00]} Nf4+ {[%emt 0:00:30]} 52. Kh2 {[%emt 0:00:30]} Nxh3 {[%emt 0:02:30]} 53. Bxe6 {[%emt 0:00:30]} Nxf2 {[%emt 0:00:00]} 54. Bg8 {[%emt 0:00:00]} h5 {[%emt 0:00:00]} 55. Bh7 {[%emt 0:01:00]} Kg5 {[%emt 0:00:30]} 56. Kg3 {[%emt 0:00:30]} Nd3 {[%emt 0:00:30]} 57. Kg2 {[%emt 0:01:30]} Ne5 {[%emt 0:01:30]} 58. Kg3 {[%emt 0:00:30]} h4+ {[%emt 0:00:30]} 59. Kf2 {[%emt 0:01:53]} Kf4 {[%emt 0:00:30]} 60. Kg2 {[%emt 0:00:00]} f5 {[%emt 0:00:30]} 61. Kh3 {[%emt 0:00:59]} g5 {[%emt 0:00:30]} 62. Kg2 {[%emt 0:00:30]} Nxf3 {[%emt 0:00:30]} 0-1

[Event "TUR-chT Superleague 2018"]
[Site "Ankara"]
[Date "2018.07.27"]
[Round "3"]
[White "Keskin, Elif"]
[Black "Sade, Defne"]
[Result "1/2-1/2"]
[WhiteElo "1719"]
[BlackElo "1954"]
[Annotator "NA"]
[PlyCount "73"]
[EventDate "2018.07.25"]
[EventType "team-tourn"]
[EventCountry "TUR"]
[SourceTitle "playchess.com"]
[Source "ChessBase"]
[SourceQuality "1"]
[TimeControl "40/5400+30:1800+30"]

1. d4 {[%emt 0:00:30]} d5 {[%emt 0:01:00]} 2. c4 {[%emt 0:00:30]} c6 {[%emt 0:00:30]} 3. Nf3 {[%emt 0:00:00]} Nf6 {[%emt 0:00:00]} 4. Nc3 {[%emt 0:00:00]} dxc4 {[%emt 0:00:00]} 5. a4 {[%emt 0:00:00]} Bf5 {[%emt 0:00:00]} 6. e3 {[%emt 0:00:00]} e6 {[%emt 0:00:00]} 7. Bxc4 {[%emt 0:00:30]} Bb4 {[%emt 0:00:30]} 8. O-O {[%emt 0:00:30]} O-O {[%emt 0:00:00]} 9. Qe2 {[%emt 0:00:30]} Nbd7 {[%emt 0:00:00]} 10. e4 {[%emt 0:01:30]} Bg6 {[%emt 0:00:30]} 11. Bd3 {[%emt 0:00:30]} Bh5 {[%emt 0:00:30]} 12. e5 {[%emt 0:01:30]} Nd5 {[%emt 0:00:30]} 13. Nxd5 {[%emt 0:00:30]} cxd5 {[%emt 0:00:30]} 14. Qe3 {[%emt 0:00:30]} Bg6 {[%emt 0:02:30]} 15. Ng5 {[%emt 0:01:30]} Re8 {[%emt 0:00:30]} 16. f4 {[%emt 0:01:30]} f5 {[%emt 0:05:30]} 17. g4 {[%emt 0:12:30]} fxg4 {[%emt 0:11:30]} 18. Nxe6 {[%emt 0:11:30]} Rxe6 {[%emt 0:01:30]} 19. f5 {[%emt 0:00:30]} Rxe5 {[%emt 0:05:30]} 20. Qf4 {[%emt 0:10:30]} Re8 {[%emt 0:22:30]} 21. fxg6 {[%emt 0:01:30]} Rf8 {[%emt 0:00:30]} 22. gxh7+ {[%emt 0:01:30]} Kh8 {[%emt 0:00:30]} 23. Qxg4 {[%emt 0:01:30]} Rxf1+ {[%emt 0:01:30]} 24. Kxf1 {[%emt 0:01:30]} Qe7 {[%emt 0:13:30]} 25. Bg5 {[%emt 0:07:30]} Nf6 {[%emt 0:05:30]} 26. Qh4 {[%emt 0:06:30]} Qe6 {[%emt 0:06:30]} 27. Bxf6 {[%emt 0:02:30]} Rf8 {[%emt 0:00:30]} 28. Kg2 {[%emt 0:02:30]} Rxf6 {[%emt 0:06:57]} 29. Rf1 {[%emt 0:04:30]} Rxf1 {[%emt 0:02:20]} 30. Kxf1 {[%emt 0:00:00]} Be7 {[%emt 0:05:33]} 31. Qf2 {[%emt 0:06:00]} Qh3+ {[%emt 0:03:11]} 32. Ke2 {[%emt 0:00:00]} Qg4+ {[%emt 0:00:41]} 33. Kd2 {[%emt 0:05:00]} Bf6 {[%emt 0:03:41]} 34. Qf5 {[%emt 0:04:21]} Qxf5 {[%emt 0:02:01]} 35. Bxf5 {[%emt 0:00:30]} Bxd4 {[%emt 0:00:00]} 36. b3 {[%emt 0:00:00]} Be5 {[%emt 0:00:35]} 37. Bg6 {[%emt 0:03:10]} 1/2-1/2

[Event "TUR-chT Superleague 2018"]
[Site "Ankara"]
[Date "2018.07.27"]
[Round "3"]
[White "Ozcan, Kaan"]
[Black "Sari, Yasin"]
[Result "0-1"]
[WhiteElo "1523"]
[BlackElo "2330"]
[Annotator "NA"]
[PlyCount "134"]
[EventDate "2018.07.25"]
[EventType "team-tourn"]
[EventCountry "TUR"]
[SourceTitle "playchess.com"]
[Source "ChessBase"]
[SourceQuality "1"]
[TimeControl "40/5400+30:1800+30"]

1. d4 d6 2. c4 e5 3. dxe5 dxe5 4. Qxd8+ Kxd8 5. Nc3 Be6 6. e3 Bb4 7. Bd2 Nd7 8. O-O-O c6 9. Nf3 f6 10. Ne4 Be7 11. Bc3 Kc7 12. Be2 Nh6 13. h3 Nf7 14. Rhg1 a5 15. g4 Nb6 16. Ned2 Na4 17. Kc2 Nxc3 18. Kxc3 a4 19. Ne4 b5 20. cxb5 cxb5 21. Bxb5 Rhb8 22. Bd3 Bxa2 23. Rc1 Bb4+ 24. Kc2 Kb6 25. Kd1 Rd8 26. Ke2 Rac8 27. Nfd2 Be6 28. Nc4+ Kb7 29. Ncd2 Be7 30. Rxc8 Rxc8 31. Ra1 Bd7 32. Bc4 Nd6 33. Bd5+ Kb8 34. Nxd6 Bxd6 35. Be4 g6 36. Kd1 f5 37. gxf5 gxf5 38. Bc2 Rg8 39. Ke2 Bb5+ 40. Bd3 Bd7 41. Bc2 {[%emt 1:50:30]} f4 {[%emt 1:53:00]} 42. exf4 {[%emt 0:00:30]} exf4 {[%emt 0:00:30]} 43. Bxh7 {[%emt 0:01:30]} Bb5+ {[%emt 0:05:30]} 44. Bd3 {[%emt 0:00:30]} Re8+ {[%emt 0:00:30]} 45. Kd1 {[%emt 0:03:30]} Bxd3 {[%emt 0:00:30]} 46. Rxa4 {[%emt 0:00:30]} f3 {[%emt 0:02:30]} 47. Rd4 {[%emt 0:02:30]} Be2+ {[%emt 0:00:30]} 48. Kc2 {[%emt 0:01:30]} Rc8+ {[%emt 0:02:01]} 49. Kb3 {[%emt 0:01:30]} Rc6 {[%emt 0:01:07]} 50. Re4 {[%emt 0:06:20]} Kb7 {[%emt 0:05:56]} 51. Nc4 {[%emt 0:03:34]} Bc7 {[%emt 0:01:50]} 52. Nd2 {[%emt 0:02:30]} Bd1+ {[%emt 0:01:53]} 53. Ka2 {[%emt 0:01:29]} Rc2 {[%emt 0:01:10]} 54. Rb4+ {[%emt 0:01:30]} Ka6 {[%emt 0:02:03]} 55. Ne4 {[%emt 0:02:18]} Bb6 {[%emt 0:00:18]} 56. Rb3 {[%emt 0:01:33]} Be2 {[%emt 0:04:47]} 57. Ra3+ {[%emt 0:01:34]} Kb7 {[%emt 0:00:12]} 58. Ng5 {[%emt 0:02:36]} Bc4+ {[%emt 0:01:58]} 59. Kb1 {[%emt 0:00:14]} Rxf2 {[%emt 0:00:26]} 60. Rxf3 {[%emt 0:01:30]} Rg2 {[%emt 0:00:21]} 61. h4 {[%emt 0:01:01]} Bd4 {[%emt 0:00:48]} 62. b3 {[%emt 0:01:05]} Be2 {[%emt 0:00:57]} 63. Rf7+ {[%emt 0:01:16]} Kb6 {[%emt 0:00:01]} 64. Re7 {[%emt 0:00:08]} Bd3+ {[%emt 0:01:20]} 65. Kc1 {[%emt 0:00:06]} Bc3 {[%emt 0:00:38]} 66. Nf3 {[%emt 0:01:16]} Ra2 {[%emt 0:00:15]} 67. Re6+ {[%emt 0:00:03]} Kc7 {[%emt 0:00:31]} 0-1

[Event "TUR-chT Superleague 2018"]
[Site "Ankara"]
[Date "2018.07.27"]
[Round "3"]
[White "Onbasi, Irem"]
[Black "Ozbay, Ece"]
[Result "0-1"]
[WhiteElo "1427"]
[BlackElo "2140"]
[Annotator "NA"]
[PlyCount "66"]
[EventDate "2018.07.25"]
[EventType "team-tourn"]
[EventCountry "TUR"]
[SourceTitle "playchess.com"]
[Source "ChessBase"]
[SourceQuality "1"]
[TimeControl "40/5400+30:1800+30"]

1. d4 {[%emt 0:00:30]} d5 {[%emt 0:01:00]} 2. c4 {[%emt 0:00:00]} c6 {[%emt 0:00:30]} 3. cxd5 {[%emt 0:00:00]} cxd5 {[%emt 0:00:30]} 4. Nc3 {[%emt 0:00:00]} Nf6 {[%emt 0:00:00]} 5. Nf3 {[%emt 0:00:00]} Nc6 {[%emt 0:03:00]} 6. Bf4 {[%emt 0:00:30]} e6 {[%emt 0:02:30]} 7. e3 {[%emt 0:01:30]} Bd6 {[%emt 0:04:30]} 8. Ne5 {[%emt 0:12:30]} a6 {[%emt 0:06:30]} 9. Nxc6 {[%emt 0:06:30]} bxc6 {[%emt 0:00:30]} 10. Bg3 {[%emt 0:07:30]} O-O {[%emt 0:05:30]} 11. Bd3 {[%emt 0:02:30]} c5 {[%emt 0:01:30]} 12. dxc5 {[%emt 0:08:30]} Bxc5 {[%emt 0:00:30]} 13. Qc2 {[%emt 0:03:30]} Bb7 {[%emt 0:06:30]} 14. Rd1 {[%emt 0:06:30]} Rc8 {[%emt 0:02:30]} 15. O-O {[%emt 0:01:30]} h6 {[%emt 0:22:30]} 16. Qe2 {[%emt 0:14:30]} Rc6 {[%emt 0:06:30]} 17. e4 {[%emt 0:08:30]} Qa8 {[%emt 0:09:30]} 18. exd5 {[%emt 0:04:49]} exd5 {[%emt 0:01:30]} 19. Bf5 {[%emt 0:01:51]} Re8 {[%emt 0:01:30]} 20. Qd3 {[%emt 0:03:14]} Ba7 {[%emt 0:07:59]} 21. Rfe1 {[%emt 0:03:40]} Rb6 {[%emt 0:02:47]} 22. Rxe8+ {[%emt 0:03:41]} Qxe8 {[%emt 0:00:39]} 23. b3 {[%emt 0:01:11]} g6 {[%emt 0:03:47]} 24. Bh3 {[%emt 0:00:19]} Rb4 {[%emt 0:00:23]} 25. Bd6 {[%emt 0:08:22]} Rd4 {[%emt 0:01:38]} 26. Qf3 {[%emt 0:00:25]} Rxd1+ {[%emt 0:01:04]} 27. Qxd1 {[%emt 0:00:05]} d4 {[%emt 0:00:00]} 28. Ne2 {[%emt 0:01:24]} Ne4 {[%emt 0:00:14]} 29. Bg3 {[%emt 0:00:00]} Nc3 {[%emt 0:01:42]} 30. Nxc3 {[%emt 0:00:32]} dxc3 {[%emt 0:00:02]} 31. Bf4 {[%emt 0:00:50]} c2 {[%emt 0:01:27]} 32. Qc1 {[%emt 0:00:27]} Qe2 {[%emt 0:00:30]} 33. Bd2 {[%emt 0:00:39]} Qd1+ {[%emt 0:00:14]} 0-1

[Event "TUR-chT Superleague 2018"]
[Site "Ankara"]
[Date "2018.07.28"]
[Round "4"]
[White "Cheparinov, Ivan"]
[Black "Inarkiev, Ernesto"]
[Result "1/2-1/2"]
[WhiteElo "2712"]
[BlackElo "2684"]
[Annotator "TA"]
[PlyCount "127"]
[EventDate "2018.07.25"]
[EventType "team-tourn"]
[EventCountry "TUR"]
[SourceTitle "playchess.com"]
[Source "ChessBase"]
[SourceQuality "1"]

{[%evp 19,127,0,2,-5,16,0,27,27,29,19,31,11,17,-23,45,52,51,57,114,78,71,65,54,63,64,74,85,54,101,96,106,99,103,120,117,96,115,111,122,110,115,112,114,100,126,141,183,106,146,58,58,58,71,60,68,62,82,88,82,79,72,66,74,81,88,41,37,44,37,38,37,40,61,10,9,8,28,20,80,103,112,0,0,0,0,0,0,0,0,0,7,0,0,0,0,0,0,0,0,0,0,0,0,0,0,0,0,0,0,-4610]} 1. Nf3 {Quintiliano,R} d5 2. d4 Nf6 3. c4 e6 4. g3 Bb4+ 5. Bd2 Be7 6. Bg2 O-O 7. O-O c6 8. Qc2 Nbd7 9. a4 {E11: Bogo-Indian} a5 10. Na3 Ne4 {LiveBook: 3 Games} 11. Be3 Bd6 12. Ne1 f5 13. Nd3 Qe7 {[#]} 14. Rfc1 $146 ({Predecessor:} 14. f3 Nef6 15. Bf4 e5 16. dxe5 Nxe5 {0-1 (42) Cheparinov,I (2688)-Matlakov,M (2714) Minsk 2017 CBM 179 [Quintiliano,R]}) 14... Kh8 15. Qb3 Bb8 16. Bf4 Ba7 (16... Bxf4 $11 17. Nxf4 g5) 17. e3 $1 $14 Nd6 18. h4 Nf6 (18... Bb8 $14) 19. Qc3 $36 {[%mdl 2048] White has strong initiative.} Bb8 20. c5 Nde4 21. Qe1 Nd7 22. Bxb8 Nxb8 23. Nb1 Bd7 24. Nd2 Be8 25. Nf3 Bh5 26. Nfe5 Nd7 27. Rab1 Rfc8 28. Nxd7 Qxd7 29. b4 axb4 30. Rxb4 Rc7 31. Rcb1 Ra7 32. Ne5 Qe7 33. R1b2 ({White should play} 33. Bxe4 $1 $18 dxe4 34. Kg2) 33... h6 34. f3 (34. Bxe4 $16 dxe4 35. Qb1) 34... Nf6 35. e4 fxe4 36. fxe4 Kg8 37. Qb1 Ng4 38. Bf3 Nf6 {...Bxf3 would now be nice for Black.} 39. exd5 exd5 40. g4 Bf7 41. Re2 {[#] And now Nxc6! would win.} Ne4 42. Bxe4 dxe4 43. Nxf7 Qxf7 44. Qxe4 Ra8 $1 45. Qf5 Rf8 46. Rf2 (46. Qxf7+ $1 $14 Rfxf7 47. Rf2) 46... Qxf5 $11 47. gxf5 {[%cal Bg4f5,Bf5f6][%mdl 4128] Endgame KRR-KRR} Re8 48. f6 Re4 (48... gxf6 $11 {keeps the balance.} 49. Rxf6 Kh7) 49. Rg2 $16 Rxh4 {[#]} 50. Rxg7+ ({Only move:} 50. a5 $1 $16) 50... Rxg7+ $11 {The position is equal.} 51. fxg7 $16 {KR-KR} Rg4+ 52. Kf2 Rxg7 53. a5 Rc7 $1 54. Ke3 Kf7 55. d5 cxd5 56. Kd4 Kf6 57. Rb6+ Kg5 58. Kxd5 h5 {[%cal Bh6h5,Bh5h4,Bh4h3][%mdl 32]} 59. a6 bxa6 60. c6 h4 61. Kd6 Rc8 62. Rxa6 h3 63. Ra2 Kg4 64. Ke5 $2 {[%mdl 40960] Precision: White = 59%, Black = 54%. . An unexpected result.} (64. Kd7 $11 Rh8 65. c7) 1/2-1/2